000 00373nam a2200157Ia 4500
003 OSt
008 191201s2012 xx 000 0 und d
082 _a629.892
_bCRI
100 _aCRAIG, John J
245 0 _aIntroduction to Robotics Mechanics control
250 _aIMP
260 _aNew Delhi
_bPearson
_c2012
300 _a400
650 _aM.Tech (ME)
942 _2ddc
_cBK
999 _c5089
_d5089